<?xml version="1.0" encoding="UTF-8"?>
<record
    xmlns:xsi="http://www.w3.org/2001/XMLSchema-instance"
    xsi:schemaLocation="http://www.loc.gov/MARC21/slim http://www.loc.gov/standards/marcxml/schema/MARC21slim.xsd"
    xmlns="http://www.loc.gov/MARC21/slim">

  <leader>01879nam a2200289 a 4500</leader>
  <controlfield tag="001">000004963</controlfield>
  <controlfield tag="003">DO-SdBNP</controlfield>
  <controlfield tag="005">20221003091502.0</controlfield>
  <controlfield tag="008">090728t2002    dr    000 0 spa d</controlfield>
  <datafield tag="020" ind1=" " ind2=" ">
    <subfield code="z">9993450022</subfield>
  </datafield>
  <datafield tag="040" ind1=" " ind2=" ">
    <subfield code="a">DO-SdBNP</subfield>
    <subfield code="b">spa</subfield>
    <subfield code="c">BPMSU</subfield>
  </datafield>
  <datafield tag="082" ind1=" " ind2="4">
    <subfield code="a">355.332</subfield>
    <subfield code="b">S684c 2022</subfield>
    <subfield code="2">22</subfield>
  </datafield>
  <datafield tag="245" ind1="0" ind2="0">
    <subfield code="a">Soldados y ciudadanos en el Caribe /</subfield>
    <subfield code="c">editora Lilian Bobea.</subfield>
  </datafield>
  <datafield tag="260" ind1=" " ind2=" ">
    <subfield code="a">Santo Domingo :</subfield>
    <subfield code="b">FLACSO,</subfield>
    <subfield code="c">2002.</subfield>
  </datafield>
  <datafield tag="300" ind1=" " ind2=" ">
    <subfield code="a">x, 351 p.  ;</subfield>
    <subfield code="c">23 cm.</subfield>
  </datafield>
  <datafield tag="500" ind1=" " ind2=" ">
    <subfield code="a">Incluye referencias biogr&#xE1;ficas  y notas al pie de las p&#xE1;ginas</subfield>
  </datafield>
  <datafield tag="504" ind1=" " ind2=" ">
    <subfield code="a">Bibliogr&#xE1;ficas  115-119</subfield>
  </datafield>
  <datafield tag="505" ind1="0" ind2=" ">
    <subfield code="a">Prefacio --</subfield>
    <subfield code="g">Introducci&#xF3;n: Control civil democr&#xE1;tico de las fuerzas de seguridad del Caribe /</subfield>
    <subfield code="r">Lilian Bobea --</subfield>
    <subfield code="t">Recomposici&#xF3;n de las fuerzas de seguridad en el Caribe y su impacto en las relaciones c&#xED;vico-militares /</subfield>
    <subfield code="r">Lilian Bobea --</subfield>
    <subfield code="t">Los militares y la pol&#xED;tica en Rep&#xFA;blica Dominicana: de la muerte de Trujillo al fin del siglo XX /</subfield>
    <subfield code="r">Wilfredo Lozano --</subfield>
    <subfield code="t">The military of Guyana /</subfield>
    <subfield code="r">Di&#xF3;n E. Phillips --</subfield>
    <subfield code="t">The military in Guyana: Political and institutional adaptations /</subfield>
    <subfield code="r">Ivelaw Griffith --</subfield>
    <subfield code="t">Fuerzas armadas y pol&#xED;tica revolucionaria: el caso de Cuba de 1959 a los a&#xF1;os 90 /</subfield>
    <subfield code="t">V&#xED;ctor Afanasiev --</subfield>
    <subfield code="t">Fuerzas Armadas y pol&#xED;tica revolucionaria de Cuba /</subfield>
    <subfield code="r">Jorge Dom&#xED;nguez --</subfield>
    <subfield code="t">Business and corruption: framing the haitian military question /</subfield>
    <subfield code="r">Michel Laguerre --</subfield>
    <subfield code="t">La reforma policial en Hait&#xED;: un triunfo sobre la historia /</subfield>
    <subfield code="r">Rachel Neild --</subfield>
    <subfield code="t">Vieques y la pol&#xED;tica puertorrique&#xF1;a /</subfield>
    <subfield code="t">Jorge Rodr&#xED;guez Beruff --</subfield>
    <subfield code="t">Conclusiones /</subfield>
    <subfield code="r">Lilian Bobea --</subfield>
    <subfield code="g">Notas biogr&#xE1;ficas.</subfield>
  </datafield>
  <datafield tag="590" ind1=" " ind2=" ">
    <subfield code="a">Inventariado, 2022/VM</subfield>
  </datafield>
  <datafield tag="650" ind1=" " ind2="4">
    <subfield code="a">Soldados</subfield>
    <subfield code="z">Caribe (Regi&#xF3;n)</subfield>
  </datafield>
  <datafield tag="650" ind1=" " ind2="4">
    <subfield code="a">Militares</subfield>
    <subfield code="z">Caribe (Regi&#xF3;n)</subfield>
  </datafield>
  <datafield tag="651" ind1=" " ind2="4">
    <subfield code="a">Caribe (Regi&#xF3;n)</subfield>
    <subfield code="x">Fuerzas Armadas</subfield>
  </datafield>
  <datafield tag="700" ind1="1" ind2=" ">
    <subfield code="a">Bobea, Lilian,</subfield>
    <subfield code="e">ed.</subfield>
  </datafield>
  <datafield tag="710" ind1="2" ind2=" ">
    <subfield code="a">Facultad Latinoamericana de Ciencias Sociales</subfield>
  </datafield>
  <datafield tag="910" ind1=" " ind2=" ">
    <subfield code="a">VMateo V./Validado.  </subfield>
  </datafield>
  <datafield tag="942" ind1=" " ind2=" ">
    <subfield code="2">ddc</subfield>
    <subfield code="c">BK</subfield>
  </datafield>
  <datafield tag="952" ind1=" " ind2=" ">
    <subfield code="0">0</subfield>
    <subfield code="1">0</subfield>
    <subfield code="2">ddc</subfield>
    <subfield code="4">0</subfield>
    <subfield code="7">0</subfield>
    <subfield code="8">CD</subfield>
    <subfield code="a">BPMET</subfield>
    <subfield code="b">BPMET</subfield>
    <subfield code="d">2022-10-03</subfield>
    <subfield code="e">FLASCSO</subfield>
    <subfield code="l">0</subfield>
    <subfield code="o">BPMSU CD 355.332 S684c 2022</subfield>
    <subfield code="p">BPMSU22100001</subfield>
    <subfield code="r">2022-10-03</subfield>
    <subfield code="w">2022-10-03</subfield>
    <subfield code="y">BK</subfield>
  </datafield>
  <datafield tag="952" ind1=" " ind2=" ">
    <subfield code="0">0</subfield>
    <subfield code="1">0</subfield>
    <subfield code="2">ddc</subfield>
    <subfield code="4">0</subfield>
    <subfield code="7">0</subfield>
    <subfield code="8">CD</subfield>
    <subfield code="a">BPMET</subfield>
    <subfield code="b">BPMET</subfield>
    <subfield code="d">2022-10-03</subfield>
    <subfield code="e">FLASCSO</subfield>
    <subfield code="l">0</subfield>
    <subfield code="o">BPMSU CD 355.332 S684c 2022</subfield>
    <subfield code="p">BPMSU22100002</subfield>
    <subfield code="r">2022-10-03</subfield>
    <subfield code="t">e.2</subfield>
    <subfield code="w">2022-10-03</subfield>
    <subfield code="y">BK</subfield>
  </datafield>
  <datafield tag="952" ind1=" " ind2=" ">
    <subfield code="0">0</subfield>
    <subfield code="1">0</subfield>
    <subfield code="2">ddc</subfield>
    <subfield code="4">0</subfield>
    <subfield code="7">0</subfield>
    <subfield code="8">CD</subfield>
    <subfield code="a">BPMET</subfield>
    <subfield code="b">BPMET</subfield>
    <subfield code="d">2022-10-03</subfield>
    <subfield code="e">FLASCSO</subfield>
    <subfield code="o">BPMSU CD 355.332 S684c 2022</subfield>
    <subfield code="p">BPMSU22100003</subfield>
    <subfield code="r">2022-10-03</subfield>
    <subfield code="t">e.3</subfield>
    <subfield code="w">2022-10-03</subfield>
    <subfield code="y">BK</subfield>
  </datafield>
  <datafield tag="999" ind1=" " ind2=" ">
    <subfield code="c">14289</subfield>
    <subfield code="d">14289</subfield>
  </datafield>
</record>
